Statistics for Ultimate Antarctic Flags Quiz

Click here to take the quiz!

General Stats

  • This quiz has been taken 8 times
  • The average score is 1 of 27

Answer Stats

Answer% Correct
Whitney Smith's proposal
33%
Adélie Land (French Southern and Antarctic Lands)
17%
Antarctic Treaty System
17%
British Antarctic Territory
17%
Chilean Antarctic Territory
17%
Gabriel de Castilla
17%
Ross Dependency
17%
200th Anniversary Commemorative Flag of Russia in Antarctica
0%
50th Anniversary Commemorative Flag of Byrd's historic flight
0%
Amundsen-Scott South Pole
0%
Antarctic Vexillological Association
0%
Argentine Antarctica
0%
British Antarctic Territory
0%
Byrd's Second Antarctic Expedition
0%
Captain Arturo Prat
0%
Dave Hamilton's proposal
0%
Evan Townsend's proposal
0%
Graham Bartram's proposal
0%
Imperial Japanese Antarctic Expedition
0%
Joanne Cooper and Stefan Tucker’s proposal
0%
Olivier Leroi's proposal
0%
Palmer Station
0%
Ronne Antarctic Research Expedition
0%
Ross Island Yacht Club Antarctica
0%
Scientific Committee on Antarctic Research
0%
Scottish National Antarctic Expedition
0%
"Transglobe" Expedition
0%

Score Distribution

Percentile by Number Answered

Percent of People with Each Score

Your Score History

You have not taken this quiz